000 00712nam a2200253Ia 4500
003 OSt
005 20221006143255.0
006 a|||||r|||| 00| 0
007 ta
008 221006b |||||||| |||| 00| 0 eng d
020 _cP45.00
024 _a8,525
037 _cTextual
040 _aEASL
_cEASL
_beng
041 _2eng
_aeng
082 _aX.1.N90, N1
100 _avan Brabant Jozef M. Ed.
_9649551
245 0 _aEconomic reforms in centrally planned economies and their impact on the global economy
260 _aLondon
_bMacmillan
_c1991
300 _a348p.
_ccm.
490 _v Oth
942 _hX.1.N90, N1
_cTEXL
_2CC
999 _c1076611
_d1076611